000 01853cam a22004694i 4500
003 PE-LiUPU
005 20250731173532.0
008 150616s1995 miu r 000 0 eng d
020 _a0802808735
035 _a(Sirsi) i9780802808738
040 _aPE-LiUPU
_bspa
_cPE-LiUPU
_erda
049 _aPRUA
082 0 4 _a220.60922
_bH22
_221
100 1 _aHarrisville, Roy A.,
_eautor.
245 1 4 _aThe Bible in Modern Culture :
_btheology and historical-critical method from Spinoza to Käsemann /
_cRoy A. Harrisville y Walter Sundberg.
264 1 _aGrand Rapids, Michigan :
_bW. B. Eerdmans Publishing Co.,
_c1995.
300 _a282 páginas ;
_c23 centímetros
336 _atext
_2rdacontent
337 _aunmediated
_2rdamedia
338 _avolume
_2rdacarrier
505 0 _aThe war of the worldviews -- The emergence of rationalist biblical cristicism -- Pressing the rationalist attack -- Formation of the liberal protestant position -- The Bible as myth.- Historical criticism in the shadow of Idealism.
526 _aSEG42
526 _aSEG41
526 _aSEG40
526 _aSEG39
526 _aP94
526 _aP87
526 _aP86
526 _aP85
526 _aP77
526 _aP76
526 _aP35
630 _aBiblia
_xCrítica, interpretación, etc.
_xHistoria
_yEpoca Moderna, 1500-.
700 1 _aSundberg, Walter,
_eautor.
910 _ajck
_bjvq
_cjck
942 _2ddc
_cBOOK
949 _a220.60922 H22
_wDEWEY
_c1
_i42308
_lCCODEBUL1
_mBUL
_r0
_sY
_tBOOK
_u2015-6-16
_xTEOLOGIA
_zUNKNOWN
_0COMPRA
_o.STAFF. Colección Teología
994 _aC0
_bPEPRU
596 _a1
999 _a220.60922 H22
_wDEWEY
_c60138
_i42308
_d60138
_f2021-11-9
_g5
_lCCODEBUL1
_mBUL
_p45.00
_q2
_r0
_sY
_tBOOK
_u2015-6-16
_xTEOLOGIA
_PP35
_0COMPRA
_o.STAFF. Colección Teología
980 _81
_gALBERTO SANCHEZ Responsable de Automatización